| 000 | 00505nam a2200193 a 4500 | ||
|---|---|---|---|
| 001 | 11109 | ||
| 003 | CO-ViMGA | ||
| 008 | 141112s2004 ck r 000 u spa d | ||
| 020 | _a9653330063 | ||
| 040 |
_aCO-ViMGA _bspa _cCO-ViMGA |
||
| 082 | 0 | 4 | _a296 B17a |
| 100 | 1 |
_aBarromi, Joel _915399 |
|
| 245 | 1 | 0 | _aAntisentismo, un problema universal |
| 260 |
_aEditorial Aurora, _c1990 |
||
| 300 | _a165 p. | ||
| 650 | 1 | 4 |
_aCUESTION JUDIA _915400 |
| 650 | 1 | 4 |
_aPERSECUCIONES DE LOS JUDIOS _915401 |
| 942 |
_2ddc _cBK |
||
| 999 |
_c22323 _d22323 |
||